Welcome to the Holygrace Academy Library

Please use search bar below to get started

VYAKARANVIDHI (Record no. 4219)

MARC details
000 -LEADER
fixed length control field 00267nam a22001337a 4500
020 ## - INTERNATIONAL STANDARD BOOK NUMBER
ISBN 978-93-5007-774-0
082 ## - DEWEY DECIMAL CLASSIFICATION NUMBER
Classification number 474
Item number NCERT/V
100 ## - MAIN ENTRY--AUTHOR NAME
Personal name NCERT
245 ## - TITLE STATEMENT
Title VYAKARANVIDHI
260 ## - PUBLICATION, DISTRIBUTION, ETC. (IMPRINT)
Place of publication DELHI
Name of publisher NCERT
300 ## - PHYSICAL DESCRIPTION
Number of Pages 228
650 ## - SUBJECT ADDED ENTRY--TOPICAL TERM
Topical Term GRAMMAR
Geographic subdivision DELHI
942 ## - ADDED ENTRY ELEMENTS (KOHA)
Koha item type Books
Holdings
Withdrawn status Lost status Collection code Home library Current library Shelving location Date acquired Source of acquisition Full call number Accession Number Koha item type
    Reference Main Library Main Library   10/10/2022 PURCHASE 474 NCERT/V 12714 Books